00388nam a2200145Ia 450000500170000000800410001703700130005804000200007104100130009108400180010410000160012224500390013826000410017730000240021820250326143118.0250326s9999 xx 000 0 und d aTextbook aFMSLbengcFMSL aeng2eng aX:8F P3qFMSL aRustagi R P 0aManagement accountingcRustagi R P aNew DelhibNew Delhi, Galgotiac2003 a835 835